1930 1001 1361 1138 1961 1342 1146 1670 1426 1474 1063 1378 1355 1615 1795 2000 1797 1870 1121 1153 1317 1809 1313 1055 1860 1921 1853 1911 1295 1328 1748 1815 1329 1702 1694 1533 1351 1474 1820 1403 1060 1604 1622 1120 1040 1007 1777 1332 1507 1556 1890 1210 1430 1905 1214 1930 1631 1187 1047 1170 1757 1876 2000 1639 1241 1708 1284 1371 1603 1965 1584 1092 1427 1468 1588 1562 1816 1878 1645 1323 1712 1017 1949 1711 1664 1369 1569 1463 1741 1470 1569 1673 1468 1201 1066 1999 1554 1776 1404 BCNSPRNW ULIB Ver.6.0+V

เปลี่ยนเป็นภาษาไทย

Change to English
 แสดงรายละเอียดบรรณานุกรม
  กลับหน้าหลัก

Brief Record : Get Marc (ISO 2709) : E-mail record : QR code < ปิดหน้าต่าง
LEADER : 00000nam 2200000uu 4500
001    13399112144
003     ULIB
008    110627s2552||||th 000 0 tha d
020    9786110600217
090    นว.^bจ599ร 2552
100 0  จื่อเหวิน
245 00 ระบำหงส์/^cจื่อเหวิน
250    พิมพ์ครั้งที่ 1
260    กรุงเทพฯ :^bแจ่มใส,^c2552
300    171 หน้า
710 1  แจ่มใส
945    ^p139^l0^i026748
995    ทศพร
999 ^a ใช้งานได้ทุกระบบ
รายการนี้ยังไม่มีแท็ก
คุณยังไม่ได้ล็อกอิน คุณสามารถมีกิจกรรมร่วมกับเว็บไซต์ได้ แต่ต้องล็อกอินก่อน ::
  ล็อกอิน

รายการสื่อสารสนเทศ

ลำดับที่ ประเภท เลขเรียก/บาร์โค้ด สถานที่ สถานะ
- ไม่พบข้อมูล -

BibComment


ยังไม่เคยถูกคอมเมนท์

คอมเมนท์ทรัพยากรรายการนี้
  คอมเมนท์: ระบำหงส์ จื่อเหวิน


 Copyright 2026. Bcnsprnw @Library